00386nam a22001337a 4500003000400000008004100004020001500045082001500060100001900075245002900094260003300123300000900156650008700165OSt220115b ||||| |||| 00| 0 eng d a93894482-1 a615.19 TRP aTRIPATHI, D.K. aPhysical Pharmaceutics-1 aPunebNirali Prakashanc2020 a6.28 aPharmaceutics- Drug Delivery Systems,Pharmaceutical Engineering regularity Science